|
|
|
|
| LEADER |
00986nam a2200289 a 4500 |
| 001 |
000256677 |
| 003 |
CZ BrMZK |
| 005 |
20210428215155.0 |
| 007 |
ta |
| 008 |
960815s1997 xr g f slo d |
| 015 |
|
|
|a cnb000210831
|
| 020 |
|
|
|a 80-7215-018-9
|
| 035 |
|
|
|a (OCoLC)38590766
|
| 040 |
|
|
|a BOA001
|b cze
|
| 072 |
|
7 |
|a 821.162.4
|x Slovenská literatura
|2 Konspekt
|9 25
|
| 080 |
|
|
|a 821.162.4-31
|2 MRF
|
| 080 |
|
|
|a (0:82-31)
|2 MRF
|
| 100 |
1 |
|
|a Šimečka, Martin M.
|q (Martin Milan),
|d 1957-
|7 jn19990209853
|4 aut
|
| 245 |
1 |
0 |
|a Záujem /
|c Martin M. Šimečka
|
| 250 |
|
|
|a Vyd. 1.
|
| 260 |
|
|
|a Praha :
|b Torst,
|c 1997
|
| 300 |
|
|
|a 166 s. ;
|c 20 cm
|
| 655 |
|
7 |
|a slovenské romány
|7 fd133450
|2 czenas
|
| 856 |
4 |
1 |
|u http://www.digitalniknihovna.cz/mzk/uuid/uuid:afef69f0-0679-11e4-83c7-005056827e51
|y Digitalizovaný dokument
|x NDK
|
| 910 |
|
|
|a BOA001
|b 1-1041.354
|
| 990 |
|
|
|a BK
|
| 996 |
6 |
|
|b 2610065065
|c 1-1041.354
|l MZK
|r Sklad / do 1 hodiny
|n 7
|p p.v.
|w 000256677
|u 000010
|a 1
|e BOA001
|j MZK50
|s P
|